| 000 | 00629nam a2200217 u 4500 | ||
|---|---|---|---|
| 005 | 20220905063516.0 | ||
| 008 | 130821s2008 ag r 000 0 spa d | ||
| 020 | _a9789505812035 | ||
| 035 | _aUPN01000192382 | ||
| 049 | _aCG | ||
| 050 | 4 |
_aPQ7798.29 A6.7 _bP4.7 |
|
| 100 | 1 |
_aSantis, Pablo de, _d1963- _930253 |
|
| 245 | 1 | 0 |
_aPesadilla para hackers / _cPablo de Santis. |
| 260 |
_aBuenos Aires : _bColihue, _c2008. |
||
| 300 |
_a92 p. _bil. |
||
| 440 | 3 |
_aLa movida. _pNovela |
|
| 650 | 0 |
_aLiteratura juvenil argentina _912413 |
|
| 650 | 0 |
_aCuentos policĂacos y de misterio _92405 |
|
| 905 | _aLibro | ||
| 999 |
_c164485 _d164485 |
||